000
00330nam a2200133Ia 4500
008
191201s1998 xx 000 0 und d
100
_a
KLEIN, Werner
245
0
_a
Manual of Textile Technology of Short
250
_a
2nd
260
_a
N. Delhi
_b
Textile Institute
_c
1998
300
_a
48
650
_a
B.Tech(TE)
942
_2
ddc
_c
BK
999
_c
5180
_d
5180